| 000 | 00751nam a2200253 i 4500 | ||
|---|---|---|---|
| 001 | bg | ||
| 100 | 1 | _aHRYCYK, Witold | |
| 245 | 1 | 0 |
_aWord 7.0 dla Windows 95 : _b[wersja polska. / _cWitold Hrycyk _nT. 1]. |
| 246 | 1 | 4 | _aMS Word 7.0 dla Windows 95 oraz Windows NT |
| 260 |
_aWrocław : _b"Croma", _c1996. |
||
| 300 |
_a445, [1] s. : _brys. ; _c23 cm. |
||
| 500 | _aTyt. okł. : Ms Word 7.0 dla Windows 95 oraz Windows NT. | ||
| 650 | 9 | _aWord | |
| 655 | _aPodręczniki | ||
| 020 | _a8386343663 (t. 1) | ||
| 020 | _a8386343507 (całość) | ||
| 040 | _cBPK | ||
| 041 | 0 | _apl | |
| 080 | _a004.42(07)Word | ||
| 920 | _a83-86343-66-3 (t. 1) | ||
| 920 | _a83-86343-50-7 (całość) | ||
| 942 | _cKS | ||
| 008 | s pl f |000 0 pol | ||
| 999 |
_c37459 _d37459 |
||
| 856 |
_uhttp://koha.tu.koszalin.pl/cgi-bin/koha/opac-detail.pl?biblionumber=37459 _yKatalog online BPK |
||